| 000 | 01138nam a2200277Ia 4500 | ||
|---|---|---|---|
| 999 |
_c65266 _d65266 |
||
| 005 | 20240530110815.0 | ||
| 008 | 140319s1997 au a f b 000 0 ara d | ||
| 017 |
_a1997/9843 _bمصر. دار الكتب |
||
| 020 | _a9772358972 | ||
| 040 |
_aGCL / _cGCL |
||
| 082 | 0 | 4 |
_221 _a792.0973 / _bب ك |
| 100 | 1 | _aبرون ، اليزابيث | |
| 245 | 1 | 0 |
_aكاتبات المسرح السوداوات فى الولايات المتحدة / _cتأليف اليزابيث برون ؛ ترجمة ايمان حجازى ؛ مراجعة شاكر عبدالحميد |
| 250 | _aط.1 | ||
| 260 |
_aالقاهرة : _bوزارة الثقافة : مهرجان القاهرة الدولى للمسرح التجريبى، _c1998 . |
||
| 300 |
_a229 ص. : _bايض. ؛ _c24 سم. |
||
| 650 | 0 | 7 |
_aالمسرح _2qrmak |
| 650 | 0 | 7 |
_aالسينما _2qrmak |
| 650 | 0 | 7 |
_aالتمثيل _2qrmak |
| 650 | 0 | 7 |
_aالمسرح _xتاريخ ونقد _2qrmak _zامريكا |
| 651 | _2qrmak | ||
| 700 | 0 |
_aايمان حجازى _eمترجم |
|
| 700 | 0 |
_aشاكر عبدالحميد _eمراجع |
|
| 942 |
_2ddc _cBK |
||